UM Logo

Parent-child number application activities predict children's math trajectories from preschool to primary school / (Record no. 24197)

MARC details
000 -LEADER
fixed length control field 00935nam a22002177a 4500
003 - CONTROL NUMBER IDENTIFIER
control field OSt
005 - DATE AND TIME OF LATEST TRANSACTION
control field 20251121135015.0
008 - FIXED-LENGTH DATA ELEMENTS--GENERAL INFORMATION
fixed length control field 251114b |||||||| |||| 00| 0 eng d
040 ## - CATALOGING SOURCE
Transcribing agency 0
082 ## - DEWEY DECIMAL CLASSIFICATION NUMBER
Classification number DPer 370.15 J826 October-November 2020 v. 112 n. 7-8
100 ## - MAIN ENTRY--PERSONAL NAME
Personal name Zhang, Xiao.
Relator term author.
9 (RLIN) 69360
245 ## - TITLE STATEMENT
Title Parent-child number application activities predict children's math trajectories from preschool to primary school /
Statement of responsibility, etc. Xiao Zhang, Bi Ying Hu, Xinzhuo Zou, and Lixin Ren.
260 ## - PUBLICATION, DISTRIBUTION, ETC. (IMPRINT)
Place of publication, distribution, etc. Washington ;
Name of publisher, distributor, etc. American Psychological Association ,
Date of publication, distribution, etc. November 2020.
300 ## - PHYSICAL DESCRIPTION
Extent Volume 112, pages 1521-1531 :
Other physical details illustration ;
Dimensions 28 cm.
500 ## - GENERAL NOTE
General note Journal of Educational Psychology, vol. 112, no. 8, pages 1521-1231, November 2020.
700 ## - ADDED ENTRY--PERSONAL NAME
Personal name Xiaoxing, Zhang.
Relator term author.
9 (RLIN) 56793
710 ## - ADDED ENTRY--CORPORATE NAME
Corporate name or jurisdiction name as entry element Hu, Bi Ying.
Relator term author.
9 (RLIN) 69361
711 ## - ADDED ENTRY--MEETING NAME
Meeting name or jurisdiction name as entry element Zou, Xinzhuo.
Relator term author.
9 (RLIN) 69362
711 ## - ADDED ENTRY--MEETING NAME
Meeting name or jurisdiction name as entry element Ren, Lixin.
Relator term author.
9 (RLIN) 69363
942 ## - ADDED ENTRY ELEMENTS (KOHA)
Source of classification or shelving scheme Dewey Decimal Classification
Koha item type Periodicals
Holdings
Withdrawn status Lost status Source of classification or shelving scheme Damaged status Not for loan Collection code Home library Current library Date acquired Total Checkouts Full call number Date last seen Price effective from Koha item type Public note
    Dewey Decimal Classification     Periodicals UM Digos College - LIC UM Digos College - LIC 11/14/2025   DPer 370.15 J826 October-November 2020 v. 112 n. 7-8 11/14/2025 11/14/2025 Periodicals Periodical Article